Tejfalu történelmi sikere

Bibliographic Details
Main Author: Duducz, Tibor (Author)
Format: Article
Language:Hungarian
Slovak
PhysicalDescription:Fotografie
ISSN:1338-9068
Subjects:

MARC

LEADER 00000nab a2200000 4500
001 vtls011902307
003 SK-MaSNL
005 20260318132818.0
008 191121|2019 xo |||| || ||00 0|hun
015 |a SNBRB2019/07 
040 |a DSZK  |b slo  |c DSZK  |e rda 
041 |a hun  |a slo 
043 |a e-xo--- 
044 |a xo  |c SK 
072 7 |a 796  |x Šport. Hry. Telesné cvičenia  |2 konspekt 
080 |a 796.332:061  |x (437.612)  |2 2011 
100 1 |a Duducz, Tibor  |4 aut  |9 1108642 
245 1 0 |a Tejfalu történelmi sikere  |c Duducz Tibor 
300 |b Fotografie 
336 |a text  |b txt  |2 rdacontent 
337 |a bez média  |b n  |2 rdamedia 
338 |a zväzok  |b nc  |2 rdacarrier 
546 |a Dvojjazyčné vydanie 
610 2 7 |a FC ŠTK 1914 Šamorín B  |2 dszk  |9 1194788 
650 0 7 |a futbalové kluby  |2 SNKPH  |9 70395 
651 7 |a Šamorín (Slovensko)  |2 SNKPHgeo  |9 28925 
773 0 |t Somorja és vidéke = Šamorín a okolie  |g Évf. XXIX, sz. 7 (2019), o. 11  |x 1338-9068 
852 |a DSZK  |b KIS3GCP 
958 |a SK 
958 |a HU 
958 |a RG 
999 |c 2079220  |d 2081150